000 01656cam a2200145 4500500
005 20260301000028.0
041 _afre
042 _adc
100 1 0 _aMcMahon, Darrin M.
_eauthor
700 1 0 _aJacquet, Christophe
_eauthor
245 0 0 _aÉgalité : Histoire d'une idée insaisissable
260 _bFlammarion,
_c2025.
520 _aLa critique des inégalités est un des horizons de notre époque. Mais comment la mener sans s’accorder sur ce que désigne l’égalité elle-même ? Relève-t-elle du droit naturel, de l’utopie sociale ou d’un combat politique toujours inachevé ? Et surtout, derrière ce mot si simple, si puissant, si évocateur, comment comprendre les multiples sens que l’égalité peut revêtir ? Dans ce livre magistral et ambitieux, Darrin M. McMahon retrace l’histoire longue de l’idée d’égalité, des citoyens athéniens aux militants noirs des droits civils, de la guerre des paysans au XVIe siècle aux combats féministes du XXe siècle, en passant par la Révolution française et les utopies socialistes. L’égalité, loin d’être une idée simple, révèle de surprenantes et inquiétantes ambiguïtés : elle implique souvent une part d’inégalité, de hiérarchie et même d’exclusion. Telle est la leçon de ce voyage passionnant à travers les siècles, qui n’hésite pas à remonter aux origines de l’humanité : l’égalité, cette aspiration éternelle des êtres humains, est aussi une notion insaisissable, profondément historique, qui doit toujours être réinventée.
856 4 1 _uhttps://shs.cairn.info/egalite--9782080459640?lang=fr&redirect-ssocas=7080
999 _c1670713
_d1670713